|
|
|
|
| LEADER |
02633nam a2200673 i 4500 |
| 001 |
nkc20162831092 |
| 003 |
CZ PrNK |
| 005 |
20170106081251.0 |
| 007 |
ta |
| 008 |
161122s2016 xr ace e f 000 0 cze |
| 015 |
|
|
|a cnb002831092
|
| 020 |
|
|
|a 978-80-270-0407-2
|q (brožováno)
|
| 035 |
|
|
|a (OCoLC)970639232
|
| 040 |
|
|
|a ABA001
|b cze
|e rda
|
| 043 |
|
|
|a e-xr---
|b e-xr-vy
|2 czenas
|
| 045 |
|
|
|a y1y1
|
| 072 |
|
7 |
|a 72
|x Architektura
|2 Konspekt
|9 21
|
| 080 |
|
|
|a 005.591
|2 MRF
|
| 080 |
|
|
|a 711.4/.8
|2 MRF
|
| 080 |
|
|
|a 72.012.2
|2 MRF
|
| 080 |
|
|
|a 316.334.56
|2 MRF
|
| 080 |
|
|
|a (437.324)
|2 MRF
|
| 080 |
|
|
|a (036)
|2 MRF
|
| 080 |
|
|
|a (084.11)
|2 MRF
|
| 245 |
0 |
0 |
|a Vize ZR 2050 :
|b festival Živé proStory Žďár 2015/2016
|
| 246 |
3 |
|
|a Živé proStory Žďár nad Sázavou
|
| 246 |
1 |
8 |
|a Festival architektury Živé proStory Žďár 2015/2016 :
|b vize ZR 2050
|
| 250 |
|
|
|a 1. vydání
|
| 264 |
|
1 |
|a Žďár nad Sázavou :
|b Žijeme Žďárem, z.s.,
|c 2016
|
| 300 |
|
|
|a 75 stran :
|b ilustrace (převážně barevné), portréty, plány ;
|c 30 cm
|
| 336 |
|
|
|a text
|b txt
|2 rdacontent
|
| 336 |
|
|
|a statický obraz
|b sti
|2 rdacontent
|
| 337 |
|
|
|a bez média
|b n
|2 rdamedia
|
| 338 |
|
|
|a svazek
|b nc
|2 rdacarrier
|
| 500 |
|
|
|a Autor projektu: sdružení Žijeme Žďárem
|
| 610 |
2 |
7 |
|a Živé proStory (projekt)
|7 ko2016934040
|2 czenas
|
| 648 |
|
7 |
|a 21. století
|7 ch460559
|2 czenas
|
| 648 |
|
7 |
|a 2011-2020
|7 ch460589
|2 czenas
|
| 648 |
|
7 |
|a 2015-2016
|7 ch967342
|2 czenas
|
| 650 |
0 |
7 |
|a programy a projekty
|7 ph255086
|z Česko
|y 2011-2020
|2 czenas
|
| 650 |
0 |
7 |
|a rozvoj měst
|7 ph137468
|z Česko
|y 21. století
|2 czenas
|
| 650 |
0 |
7 |
|a architektonické projekty
|7 ph137760
|z Česko
|y 2011-2020
|2 czenas
|
| 650 |
0 |
7 |
|a veřejný prostor
|7 ph883825
|z Česko
|2 czenas
|
| 650 |
0 |
9 |
|a programs and projects
|z Czechia
|y 2011-2020
|2 eczenas
|
| 650 |
0 |
9 |
|a urban development
|z Czechia
|y 21st century
|2 eczenas
|
| 650 |
0 |
9 |
|a architectural projects
|z Czechia
|y 2011-2020
|2 eczenas
|
| 650 |
0 |
9 |
|a public space
|z Czechia
|2 eczenas
|
| 651 |
|
7 |
|a Žďár nad Sázavou (Česko)
|7 ge131631
|2 czenas
|
| 651 |
|
9 |
|a Žďár nad Sázavou (Czechia)
|2 eczenas
|
| 655 |
|
7 |
|a informační publikace
|7 fd132454
|2 czenas
|
| 655 |
|
7 |
|a obrazové publikace
|7 fd132947
|2 czenas
|
| 655 |
|
9 |
|a information publications
|2 eczenas
|
| 655 |
|
9 |
|a pictorial works
|2 eczenas
|
| 710 |
2 |
|
|a Živé proStory (projekt)
|7 ko2016934040
|4 oth
|
| 710 |
2 |
|
|a Žijeme Žďárem (sdružení)
|7 ko2016934043
|4 aut
|4 isb
|
| 910 |
2 |
|
|a BOA001
|b 4-1380.327
|
| 990 |
|
|
|a BK
|
| 995 |
|
|
|a 01
|
| 996 |
6 |
|
|b 2610692286
|c 4-1380.327
|l MZK
|r Sklad / do 1 hodiny
|n 0
|p p.v.
|w 001594222
|u 000010
|a 1
|e BOA001
|j MZK50
|s P
|